<Die> Finanzanalyse des ausgewählten Unternehmens diplomová práca

Uložené v:
Podrobná bibliografia
Hlavný autor: Borodin, Marek
Korporativný autor: Ekonomická univerzita v Bratislave. Ústav medzinárodných programov
Ďalší autori: Jančovičová Bognárová, Kristína, 1979-
Médium: Kniha
Jazyk:German
Vydavateľské údaje: Bratislava 2015
Tagy: Pridať tag
Žiadne tagy, Buďte prvý, kto otaguje tento záznam!

MARC

LEADER 00000nbm a2200000 4500
001 0213488
005 20170111102929.9
041 0 |a ger 
044 |a SK 
245 1 0 |a <Die> Finanzanalyse des ausgewählten Unternehmens  |b diplomová práca  |c Marek Borodin ; školiteľ: Kristína Jančovičová Bognárová 
264 1 |a Bratislava  |c 2015 
300 |a 59 s. 
100 1 |a Borodin, Marek 
700 1 |a Jančovičová Bognárová, Kristína, 1979- 
710 2 |a Ekonomická univerzita v Bratislave. Ústav medzinárodných programov